| 000 | 00893cab a2200265 4500 | ||
|---|---|---|---|
| 001 | ABS58561 | ||
| 008 | 090401t1998 xxu||||| |||| 00| 0 eng d | ||
| 035 | _a(Sirsi) u85660 | ||
| 041 | _aeng | ||
| 100 | _aSeidl, A. | ||
| 245 | _aGreater London Authority: New age or New York | ||
| 260 | _c1998 | ||
| 350 | _a0 | ||
| 490 |
_aEstates Gazette _v(9814) 4 April 1998, 56-62(7) |
||
| 520 | _aInvestigates and comments on the Greater London Authority (GLA), its proposed structure and powers for planning, housing and transport. The GLA, to be led by by an independent mayor, is expected to be in place for the year 2000. | ||
| 650 | _aGREATER LONDON AUTHORITY | ||
| 650 | _aMAYOR OF LONDON | ||
| 650 | _aSTRATEGIC PLANNING | ||
| 650 | _aTRANSPORT STRATEGY | ||
| 650 | _aTRANSPORT | ||
| 690 | _aECONOMIC AND SOCIAL | ||
| 700 | _aLopatin, M. | ||
| 942 | _n0 | ||
| 948 | _c17/04/1998 | ||
| 999 |
_c53876 _d53876 |
||